000 00551nam a2200193Ia 4500
005 20250923145053.0
008 008 250917s9999 xx 000 0 eng d
037 _aTextual
040 _aDSWL
_beng
_cDSWL
041 _aeng
_2eng
084 _aV2:1(P):N6, K6
_qDSWL
100 _a Gopal, Ram
_9831481
245 0 _aLinguistic affairs of India
_cby Ram Gopal
260 _aBombay
_bAsia Publiing House
_c1966
365 _aINR
_b20.00
925 _g20.00
942 _cTEXL
_hV2:1(P):N6, K6
999 _c1446731
_d1446731